Cuso completo, ó, Diccionario Universal de agricultura teórica, práctica, económica y de medicina rural y veterinaria / escrito en francés por una sociedad de agrónomos, y ordenado por el abate Rozier ; traducido al castellano por Don Juan Alvarez Guerra, individuo de merito en la clase de agricultura de la Real Sociedad Económica de Madrid

Detalles Bibliográficos
Otros Autores: Álvarez Guerra, Juan, tr, Rozier, François, 1734-1793, rev, Gómez de Navia, José, 1757-ca. 1807, grab, Gamborino, Miguel, il
Formato: Libro
Lenguaje:Spanish
Publicado: Madrid : en la imprenta Real, por D. Pedro Julian Pereyra, impresor de Cámara de S. M., 1797-1803.
Materias:
Colección:Banco de datos
Acervo:Fondo Bibliográfico Antiguo del Archivo Municipal de Orizaba
Descripción Física:16 t. : il. ; 4°
Tema general:Agricultura - Diccionarios
Notas:Portada tipográfica. Título de la anteportada: Curso completo ó Diccionario Universal de Agricultura. Texto a renglón seguido con paginación en números arábigos, titulillos y notas a pie de página. Cada tomo con portada y paginación propias. Los t. 4-6 publicados en 1799; t. 7-8:1800; t. 9-13: 1801: t. 15:1802; t. 16: 1803. Paginación: t. 4 [3] h., 483 p., [1] h.; t. 5 [3] h., 463 p., [1] h; t. 6 [3] h., 488 p. [1] h.; t. 7 [3] h., 499 p., [1] h.; t. 8 [3] h., 482 p., [2] h.; t. 9 [3] h., 463., [1].; t. 10 [3] h., 464 p., [1] h.; t. 11 [1] h., 475 p., [1] h. ; t. 12 [3] h., 496 p., [1] h.; t. 13 [3] h., 436 p., [1] h. ; t. 16 [3] h., 474 p., [2] h.; t.15 [2] h., 548 p. Incluye ilustraciones a hoja plegada en grabado calcográfico elaboradas por Navia sc., y por Gamborino. Encuadernación en piel sobre cartón (2485, 2216-2226). Marca de fuego: Oratorio de San Felipe Neri de Orizaba, Veracruz (2485, 2216-2226). Sello en tinta del Archivo Municipal de Orizaba, Veracruz (2485, 2216-2226). Daños de hongo, humedad, polilla y en la encuadernación, hojas desprendidas (2485). Daños de polilla y en la encuadernación, hojas desprendidas (2485, 2216-2226)
LEADER 02452nam a22002170004500
035 |a 1421 
041 0 |a spa 
245 1 0 |a Cuso completo, ó, Diccionario Universal de agricultura teórica, práctica, económica y de medicina rural y veterinaria / escrito en francés por una sociedad de agrónomos, y ordenado por el abate Rozier ; traducido al castellano por Don Juan Alvarez Guerra, individuo de merito en la clase de agricultura de la Real Sociedad Económica de Madrid 
260 |a Madrid : en la imprenta Real, por D. Pedro Julian Pereyra, impresor de Cámara de S. M., 1797-1803. 
300 |a 16 t. : il. ; 4° 
500 |a Portada tipográfica. Título de la anteportada: Curso completo ó Diccionario Universal de Agricultura. Texto a renglón seguido con paginación en números arábigos, titulillos y notas a pie de página. Cada tomo con portada y paginación propias. Los t. 4-6 publicados en 1799; t. 7-8:1800; t. 9-13: 1801: t. 15:1802; t. 16: 1803. Paginación: t. 4 [3] h., 483 p., [1] h.; t. 5 [3] h., 463 p., [1] h; t. 6 [3] h., 488 p. [1] h.; t. 7 [3] h., 499 p., [1] h.; t. 8 [3] h., 482 p., [2] h.; t. 9 [3] h., 463., [1].; t. 10 [3] h., 464 p., [1] h.; t. 11 [1] h., 475 p., [1] h. ; t. 12 [3] h., 496 p., [1] h.; t. 13 [3] h., 436 p., [1] h. ; t. 16 [3] h., 474 p., [2] h.; t.15 [2] h., 548 p. Incluye ilustraciones a hoja plegada en grabado calcográfico elaboradas por Navia sc., y por Gamborino. Encuadernación en piel sobre cartón (2485, 2216-2226). Marca de fuego: Oratorio de San Felipe Neri de Orizaba, Veracruz (2485, 2216-2226). Sello en tinta del Archivo Municipal de Orizaba, Veracruz (2485, 2216-2226). Daños de hongo, humedad, polilla y en la encuadernación, hojas desprendidas (2485). Daños de polilla y en la encuadernación, hojas desprendidas (2485, 2216-2226) 
650 1 0 |a Agricultura - Diccionarios 
700 1 |a Álvarez Guerra, Juan, tr. 
700 1 |a Rozier, François, 1734-1793, rev. 
700 1 |a Gómez de Navia, José, 1757-ca. 1807, grab. 
700 1 |a Gamborino, Miguel, il. 
740 0 |a Diccionario Universal de agricultura teórica, práctica, económica y de medicina rural y veterinaria  
949 |a t. 4 (2216); t. 5 (2217); t. 6 (2218); t. 7 (2219); t. 8 (2220); t. 9 (2221), t. 10 (2222); t. 11 (2223); t. 12 (2224); t. 13 (2225); t. 15 (2485); t. 16 (2226) 
942 |c ORIZABA 
943 |g Fondo Bibliográfico Antiguo del Archivo Municipal de Orizaba 
999 |c 1103371  |d 1103371